000 01024nam0a22002411 4500
001 rc\1185338
005 20250622212931.0
035 _a(NLR Aleph) 006426999
090 _a5508821
_c5508821
100 _a20041129d1980 |||y0rusy50 ca
101 0 _arus
102 _aRU
105 _aa |||||||||
200 1 _aРабочие процессы в энергосиловых установках космических летательных аппаратов
_eТемат. сб. науч. тр. Ин-та
_fМ-во высш. и сред. спец. образования СССР, Моск. авиац. ин-т им. Серго Орджоникидзе
_g[Под ред. д. т. н. Д.Д. Севрука и к. т. н. С.К. Ховрина]
210 _aМ.
_cМАИ
_d1980
215 _a81 с.
_cил.
_d21
320 _aБиблиогр. в конце статей
333 _aДСП. Экз. № 4
801 0 _aRU
_bNLR
_gpsbo
801 1 _aRU
_bELAR
_2rusmarc
852 _aNLR
_j81-50К/1935
942 _cBOOK
980 _aNB